Vista normal
Vista MARC
Entrada Nombre personal
Número de registros utilizados en: 55
001 - CONTROL NUMBER
- control field: 191
003 - CONTROL NUMBER IDENTIFIER
- control field: PE SENCICO BE
005 - DATE AND TIME OF LATEST TRANSACTION
- control field: 20260108221303.0
008 - FIXED-LENGTH DATA ELEMENTS
- fixed length control field: 260108|| aca||aabn | a|a d
040 ## - CATALOGING SOURCE
- Original cataloging agency: PE SENCICO BE
100 1# - ENCABEZADO--NOMBRE PERSONAL
- Nombre personal: Oshiro Higa, Fernando